Obras escogidas /

Guardado en:
Autor Principal: Larra Sánchez de Castro, Mariano J.
Formato: Libro
Idioma:Spanish
Publicado: Barcelona : Librería Científica Literaria, 192?.
Series:Enciclopedia Literaria, v. 4
Etiquetas: Agregar Etiqueta
Sin Etiquetas, Sea el primero en etiquetar este registro!
LEADER 00533nam a22001575a 4500
001 EUN.um048585
003 AR-BaUNS
005 20050623122916.0
008 041125s192?####sp#a##########000#0#spa#d
245 1 0 |a Obras escogidas /  |c Mariano J. Larra Sánchez de Castro. 
260 |a Barcelona :  |b Librería Científica Literaria,  |c 192?. 
300 |a 361 p. :  |b ilus. ;  |c 15 cm. . 
490 0 |a Enciclopedia Literaria, v. 4 
100 1 |a Larra Sánchez de Castro, Mariano J. 
082 0 4 |a 864.5 
859 |a Ar-BaUNS  |b BIB. CENTRAL - Sector C  |h 864.5  |i L328-2  |p 967/964